000
00285nam a2200121Ia 4500
008
190216s9999||||xx |||||||||||||| ||und||
100
_a
Jain.S.K
245
0
_a
Kinetics Of Chemical Reactions
260
_b
Vishal Publcations
_c
1982
300
_a
272p
650
_a
Chemistry
942
_c
BK
999
_c
2604
_d
2604